Docentes y docencia: las zonas rurales

Guardat en:
Dades bibliogràfiques
Autors principals: Gajardo, Marcela (Autor), Andraca, Ana María de (Autor)
Format: Llibre
Idioma:espanyol
Publicat: Santiago UNESCO-Flacso 1992
Matèries:
Etiquetes: Afegir etiqueta
Sense etiquetes, Sigues el primer a etiquetar aquest registre!

MARC

LEADER 00000nam a2200000 a 4500
001 UCW7177
003 CL-VaPUC
008 920915e19920000CL |||||||||||||||||spa|d
082 0 4 |a 370.193  |b GAJ  |2 21 
100 |a Gajardo, Marcela  |e author  |9 620161 
700 0 |a Andraca, Ana María de  |e author  |9 312322 
245 1 0 |a Docentes y docencia: las zonas rurales 
300 |a 153 p 
942 |c BK 
945 |d 19920915 00:00:00 
260 |a Santiago  |b UNESCO-Flacso  |c 1992 
650 0 |a Educación rural   |9 308104 
651 7 |a CHILE  |2 CL-VaPUC  |9 312323 
583 |a last modification  |c 19920915 00:00:00  |k Rodrigo Vera 
999 |c 220031  |d 220029 
952 |0 0  |1 0  |4 0  |6 370_193000000000000_GAJ_1992  |7 0  |8 A  |9 211758  |a BIBEDU  |b BIBEDU  |d 2019-11-15  |i 2798948  |o 370.193 GAJ 1992  |p 2798948  |r 2019-11-15  |w 2019-11-15  |y BK  |k EDU 
952 |0 0  |1 0  |4 0  |6 370_193000000000000_GAJ_1992  |7 0  |8 A  |9 211759  |a BIBEDU  |b BIBEDU  |d 2019-11-15  |i 4540611  |o 370.193 GAJ 1992  |p 4540611  |r 2019-11-15  |w 2019-11-15  |y BK  |k EPE